| 000 | 00402nam a2200157Ia 4500 | ||
|---|---|---|---|
| 008 | 210707s1967 xx 000 0 und d | ||
| 041 | _aeng | ||
| 082 | _a530 BERK | ||
| 100 | _aBERKELEY PHYSICS COURSE | ||
| 245 | _aStatistical physics. V5 | ||
| 260 |
_aNY _bMcGraw-Hill Book Co _c1967 |
||
| 300 | _axxi,398 p | ||
| 563 | _aHB | ||
| 650 | _aPhysics | ||
| 906 | _aStatistical physics Berkeley course | ||
| 999 |
_c179918 _d179918 |
||